NLSUI OPAC header image

The question of faith / (Record no. 10544)

MARC details
000 -LEADER
fixed length control field 00971cam a2200325 a 4500
001 - CONTROL NUMBER
control field 4429293
005 - DATE AND TIME OF LATEST TRANSACTION
control field 20260421095249.0
008 - FIXED-LENGTH DATA ELEMENTS--GENERAL INFORMATION
fixed length control field 940128s1993 ii b 000 0 eng
010 ## - LIBRARY OF CONGRESS CONTROL NUMBER
LC control number 93901763
020 ## - INTERNATIONAL STANDARD BOOK NUMBER
International Standard Book Number 0863113923 :
Terms of availability Rs30.00
020 ## - INTERNATIONAL STANDARD BOOK NUMBER
International Standard Book Number 9780863113925
025 ## - OVERSEAS ACQUISITION NUMBER
Overseas acquisition number I-E-71227
035 ## - SYSTEM CONTROL NUMBER
System control number 4429293
040 ## - CATALOGING SOURCE
Original cataloging agency DLC
Transcribing agency DLC
Modifying agency DLC
042 ## - AUTHENTICATION CODE
Authentication code lcode
082 ## - DEWEY DECIMAL CLASSIFICATION NUMBER
Classification number 320.55 BHA
100 1# - MAIN ENTRY--PERSONAL NAME
Personal name Bharucha, Rustom
245 14 - TITLE STATEMENT
Title The question of faith /
Statement of responsibility, etc. Rustom Bharucha.
260 ## - PUBLICATION, DISTRIBUTION, ETC.
Place of publication, distribution, etc. New Delhi :
Name of publisher, distributor, etc. Orient Longman,
Date of publication, distribution, etc. 1993.
300 ## - PHYSICAL DESCRIPTION
Extent ix, 94 p. ;
Dimensions 23 cm.
365 ## - TRADE PRICE
Price amount Rs. 30
490 1# - SERIES STATEMENT
Series statement Tracts for the times ;
Volume/sequential designation 3
504 ## - BIBLIOGRAPHY, ETC. NOTE
Bibliography, etc. note Includes bibliographical references.
650 #0 - SUBJECT ADDED ENTRY--TOPICAL TERM
Topical term or geographic name entry element Faith.
830 #0 - SERIES ADDED ENTRY--UNIFORM TITLE
Uniform title Tracts for the time (New Delhi, India) ;
Volume/sequential designation 3.
906 ## - LOCAL DATA ELEMENT F, LDF (RLIN)
a 7
b cbc
c origode
d 2
e ncip
f 19
g y-gencatlg
942 ## - ADDED ENTRY ELEMENTS (KOHA)
Source of classification or shelving scheme Dewey Decimal Classification
Koha item type BOOKs
Holdings
Withdrawn status Lost status Damaged status Not for loan Home library Current library Shelving location Date acquired Cost, normal purchase price Total Checkouts Full call number Barcode Date last seen Price effective from Koha item type
        . . Library Compactors 30.05.2017 30.00   320.55 BHA 10638 30.05.2017 30.05.2017 BOOKs
        . .   30.05.2017 30.00   320.55 BHA-3 17349 30.05.2017 30.05.2017 BOOKs
        . . Library Compactors 30.05.2017 30.00   320.55 BHA-2 13731 30.05.2017 30.05.2017 BOOKs